<?xml version="1.0" encoding="UTF-8"?>
<record
    xmlns:xsi="http://www.w3.org/2001/XMLSchema-instance"
    xsi:schemaLocation="http://www.loc.gov/MARC21/slim http://www.loc.gov/standards/marcxml/schema/MARC21slim.xsd"
    xmlns="http://www.loc.gov/MARC21/slim">

  <leader>00179nam a22000857a 4500</leader>
  <controlfield tag="001">1235029</controlfield>
  <controlfield tag="005">20250929153815.0</controlfield>
  <datafield tag="245" ind1=" " ind2=" ">
    <subfield code="a">HEIDI</subfield>
    <subfield code="c">JOHANNA SPYRI</subfield>
  </datafield>
  <datafield tag="260" ind1=" " ind2=" ">
    <subfield code="b">PARILTI YAYINLARI</subfield>
  </datafield>
  <datafield tag="999" ind1=" " ind2=" ">
    <subfield code="c">1235029</subfield>
    <subfield code="d">1235029</subfield>
  </datafield>
  <datafield tag="952" ind1=" " ind2=" ">
    <subfield code="0">0</subfield>
    <subfield code="1">0</subfield>
    <subfield code="2">ddc</subfield>
    <subfield code="4">0</subfield>
    <subfield code="7">0</subfield>
    <subfield code="a">1028</subfield>
    <subfield code="b">1028</subfield>
    <subfield code="d">2025-09-29</subfield>
    <subfield code="l">2</subfield>
    <subfield code="p">10286965</subfield>
    <subfield code="r">2026-02-18 13:30:03</subfield>
    <subfield code="s">2026-02-11</subfield>
    <subfield code="w">2025-09-29</subfield>
    <subfield code="y">BK</subfield>
  </datafield>
</record>
